Colorado Avalanche Awards - Statistics

General Stats
  • This quiz has been taken 102 times
    21 since last reset
  • The average score is 23 of 35
Answer Stats
Hint Answer % Correct
Calder Memorial Trophy Nathan Mackinnon
100%
Hart Memorial Trophy Nathan Mackinnon
100%
Lady Byng Memorial Trophy Nathan Mackinnon
100%
Ted Lindsay Award Nathan Mackinnon
100%
Calder Memorial Trophy Cale Makar
94%
Conn Smythe Trophy Cale Makar
94%
James Norris Memorial Trophy Cale Makar
94%
James Norris Memorial Trophy Cale Makar
94%
Conn Smythe Trophy Joe Sakic
94%
Hart Memorial Trophy Joe Sakic
94%
Jim Gregory GM of The Year Award Joe Sakic
94%
Lady Byng Memorial Trophy Joe Sakic
94%
NHL Foundational Award Joe Sakic
94%
Sheraton Road Performer Joe Sakic
94%
Ted Lindsay Award Joe Sakic
94%
Conn Smythe Trophy Patrick Roy
83%
Jack Adams Award Patrick Roy
83%
William M Jennings Trophy Patrick Roy
83%
Art Ross Peter Forsberg
83%
Hart Memorial Trophy Peter Forsberg
83%
Calder Memorial Trophy Gabriel Landeskog
61%
Maurice "Rocket" Richard Trophy Milan Hejduk
56%
Stanley Cup 1995-96
39%
Clarence S. Campbell Bowl 1995-96
39%
Stanley Cup 2000-01
39%
Presidents Trophy 2000-01
39%
Clarence S. Campbell Bowl 2000-01
39%
Stanley Cup 2021-22
39%
Clarence S. Campbell Bowl 2021-22
39%
Presidents Trophy 2020-21
33%
Presidents Trophy 1996-97
22%
Jack Adams Award Marc Crawford
17%
Lady Byng Memorial Trophy Ryan O'Reilly
17%
Calder Memorial Trophy Chris Drury
6%
King Clancy Memorial Trophy Shjon Podein
6%
No matching quizzes found
Score Distribution
Percent of People with Each Score
Percentile by Number Answered
Your Score History
You have not taken this quiz since the last reset